000 01228nam a2200313 a 4500
001 BRCA_1782
005 20190320203540.0
008 950725s1994 mx-a---###---#000-0#spa-#
020 _a96860600605
040 _aDLC
_cDLC
_dDLC
041 _aspa
050 4 _aNK4032.T5
_b.A78 1994
245 1 0 _aArte en barro
_btipos mexicanos, escenas costumbristas : Tlaquepaque, Jalisco
_ccoordinación de investigación y textos Gutierre Aceves Piña ; fotografía Gerardo Suter ; edición y coordinación general Carlos Beltrán.
260 _aGuadalajara, México
_bBancentro
_c1994
300 _a143 p.
_bil. a color
_c32 cm.
500 _aHomenaje a Fernando Gamboa
500 _aColección Sonia Corcuera de Mancera
504 _aBibliografía: p. 128-129
546 _aTexto en: español e inglés
650 1 4 _aFiguras de arcilla
_xHistoria
_ySiglo XIX
_zMéxico
_95556
650 1 4 _aFiguras de archivo
_xHistoria
_ySiglo XX
_zMéxico
_95557
650 1 4 _aArte popular
_xHistoria
_ySiglos XIX-XX
_zMéxico
_95558
650 1 4 _aUsos y costumbres en el arte
_xCatálogos
_95559
653 0 _aVida cotidiana
700 1 _aAceves Piña, Gutierre
_95560
700 1 _aBeltrán, Carlos
_d1950-
_95561
902 _aDSC
942 _2lcc
_cB
999 _c1564
_d1564